000
00255nam a22001217a 4500
999
_c
54959
_d
54959
008
200121b ||||| |||| 00| 0 eng d
041
_a
eng
080
_2
940
_a
940
100
_a
16
101
_a
HIS
245
_a
Dardania
_c
Hajrullahu,I
942
_2
udc
_c
BK